000 01331nam a2200349 a 4500
001 000109585
003 CHAP
005 20220329144056.0
008 140512s2014 mx a sm |||||||spa d
010 _a106047
011 _a107019
040 _cCHAP
090 _aTesis
100 1 _aVázquez Pérez, Antonio
_9126833
245 1 0 _aRestauración ecológica; respuesta sucesional cinco años después de intervenir tierras desertificadas de la región central
_h[En línea]
_cpor Antonio Vázquez Pérez y Modesto López Guendulay.
260 _aChapingo, Méx. :
_bEl autor,
_c2014.
500 _aPara ver el contenido del material haga clic en la liga
502 _aTesis (Ing. Agr. Esp. en Forestales) -- UACH. División de Ciencias Forestales
590 _aBATCH-UPD
_b05
_c20141002
_lUCH01
_h0903
590 _aE5652GLJ
_b05
_c20140512
_lUCH01
_h1449
590 _aE5652GLJ
_b05
_c20140512
_lUCH01
_h1455
590 _aE6096MTM
_b05
_c20140521
_lUCH01
_h0939
650 1 4 _aBalance hídrico.
_99602
650 1 4 _aFotogrametría aérea.
_942727
650 1 4 _aPlantación de árboles.
_988782
650 1 4 _aRestauración ecológica.
_9125157
700 1 _aLópez Guendulay, Modesto
_9126834
856 _aFinding aid
_uhttp://10.13.5.2/tesis/sist109585.pdf
_zTeclea aquí
901 _aBK
942 _cTESIS
942 _n0
999 _c106047
_d106047